Exports from developing countries to Japan : Problems & solutions
Gorde:
| Egile nagusia: | |
|---|---|
| Formatua: | Liburua |
| Hizkuntza: | Undetermined |
| Argitaratua: |
Bangkok
ECOCEN
1974
|
| Gaiak: | |
| Etiketak: |
Etiketa erantsi
Etiketarik gabe, Izan zaitez lehena erregistro honi etiketa jartzen!
|
| Thư viện lưu trữ: | Trung tâm Học liệu Trường Đại học Cần Thơ |
|---|
| LEADER | 00517nam a2200193Ia 4500 | ||
|---|---|---|---|
| 001 | CTU_79441 | ||
| 008 | 210402s9999 xx 000 0 und d | ||
| 082 | |a 330.9 | ||
| 082 | |b M972 | ||
| 100 | |a Atsushi, Murakami | ||
| 245 | 0 | |a Exports from developing countries to Japan : | |
| 245 | 0 | |b Problems & solutions | |
| 245 | 0 | |c Atsushi Murakami | |
| 260 | |a Bangkok | ||
| 260 | |b ECOCEN | ||
| 260 | |c 1974 | ||
| 650 | |a Economic condition | ||
| 650 | |z Japan | ||
| 980 | |a Trung tâm Học liệu Trường Đại học Cần Thơ | ||